Pohjanmaan kunnat - Äkkikuolema - Statistics

Yleistilastot
  • Tätä visaa on pelattu 241 kertaa
  • Keskiarvotulos 11 / 14
Answers on the Grid
Answers color-coded by a green-red scale on the quiz's grid according to % correct below.
Alaveteli
Evijärvi
Isojoki
Kaskinen
Kauhava
Kaustinen
Kokkola
Korsnäs
Kristiinankaupunki
Kruunupyy
Laihia
Luoto
Maalahti
Merikarvia
Mustasaari
Närpiö
Pedersören kunta
Pietarsaari
Pomarkku
Pyhäjoki
Raippaluoto
Seinäjoki
Tervajoki
Toholampi
Uusikaarlepyy
Vaasa
Vimpeli
Vöyri
 
Vastaustilastot
Vastaus % Oikein
Maalahti
84%
Kruunupyy
83%
Vöyri
82%
Kaskinen
81%
Korsnäs
81%
Kristiinankaupunki
81%
Närpiö
81%
Vaasa
81%
Pedersören kunta
80%
Pietarsaari
80%
Luoto
78%
Uusikaarlepyy
77%
Mustasaari
76%
Laihia
71%
Ehtoja vastaavia visoja ei löytynyt
Tulosjakauma
Jokaisen tuloksen saaneiden osuus
Persentiili vastausten määrän mukaan
Tuloshistoriasi
Et ole pelannut tätä visaa